00830nam a22002537a 450000500170000001000130001702000100003003500130004003700160005304000120006908200160008110000260009724500620012326000360018527000580022130000320027950000200031165000270033165000260035870000100038494200250039499900190041995201380043820170124110027.0 aB-077858 c00.00 aB-077858 bCen Lib/Ret aDPLbEN a575.13bWEL aWells, Spencer920836 aThe journey of man a genetic odyssey /cby Spencer Wells  aNew DelhibPenguin Books c2002 a11,Community Center Panchsheel PrkbNew Delhie110017 axvi,224p. :c22cm(Hb)bill. aIncludes index aHuman evolution920837 aHuman genetics920838 920788 2ddccENh575.13mWEL c127557d127557 00104070aLbLd2015-06-29eCen Lib/Retg0.00l2m2o575.13 WELpB-077858r2021-06-21 00:00:00s2021-03-31t1v0.00w2015-06-29yEN